| 000 | 00717nam a22002057a 4500 | ||
|---|---|---|---|
| 999 |
_c20354 _d20354 |
||
| 003 | AR-CdUCM | ||
| 008 | 190529b ||||| |||| 00| 0 spa d | ||
| 040 |
_aMUNICIPALIDAD PROVINCIAL DEL CUSCO _cBIBLIOTECA MUNICIPAL DEL CUSCO |
||
| 082 |
_a709.85 / _bS78 |
||
| 100 |
_aStastny, Francisco _942570 |
||
| 245 |
_aBreve historia del arte en el Perú : _bLa pintura precolombina, colonial y republicana / |
||
| 260 |
_aLima : _bUniverso, _c1967. |
||
| 300 |
_a78 páginas ; _c24 cm. |
||
| 505 | _aContenido: Los tiempos precolombinos -- La época colonial -- La república... | ||
| 650 |
_aCerámica Nazca _942571 |
||
| 650 |
_aQero _94212 |
||
| 650 |
_aPintura limeña _942572 |
||
| 942 |
_2ddc _cLIBROS |
||
| 945 | _aAndy | ||